Journal of Community Medicine and Primary Health Care (Record no. 37358)

MARC details
000 -LEADER
fixed length control field 00476nam a2200145Ia 4500
022 ## - INTERNATIONAL STANDARD SERIAL NUMBER
ISSN 0794-7410
050 ## - CALL MARK
Classification number RC46. J68
245 ## - TITLE STATEMENT
Title Journal of Community Medicine and Primary Health Care
250 ## - EDITION / VOLUME STATEMENT
Edition / Volume statement Vol. 36, No. 3
260 ## - PUBLICATION, DISTRIBUTION, ETC. (IMPRINT)
Place of publication Nigeria
Name of publisher Association of Public Health Physicians of Nigeria (APHPN)
Year of publication 2024
300 ## - PHYSICAL DESCRIPTION
Number of Pages ii. 138 p. : ill. ; 28 cm.
650 ## - SUBJECT ADDED ENTRY--TOPICAL TERM
Topical Term Primary care (Medicine)-- Periodicals Public health-- Periodicals
942 ## - ADDED ENTRY ELEMENTS (KOHA)
Koha item type Serials
Source of classification Library of Congress Classification

No items available.